CML disclosure of incentives form (Record no. 111758)
[ view plain ]
| 000 -LEADER | |
|---|---|
| fixed length control field | 00842cad a22001935a 4500 |
| 001 - CONTROL NUMBER | |
| control field | E151957 |
| 008 - FIXED-LENGTH DATA ELEMENTS--GENERAL INFORMATION | |
| fixed length control field | 110117n xxk f 000 0 eng d |
| 035 ## - SYSTEM CONTROL NUMBER | |
| System control number | (Sirsi) u151957 |
| 041 0# - LANGUAGE CODE | |
| Language code of text/sound track or separate title | eng |
| 110 2# - MAIN ENTRY--CORPORATE NAME | |
| Corporate name or jurisdiction name as entry element | Council of Mortgage Lenders |
| 9 (RLIN) | 5903 |
| 245 00 - TITLE STATEMENT | |
| Title | CML disclosure of incentives form |
| Medium | [electronic resource] |
| 260 ## - PUBLICATION, DISTRIBUTION, ETC. | |
| Place of publication, distribution, etc. | [S.l.] |
| Name of publisher, distributor, etc. | CML |
| Date of publication, distribution, etc. | [200?] |
| 520 ## - SUMMARY, ETC. | |
| Summary, etc. | Form to be completed by the seller of a property which has yet to be occupied for the first time, or, in the case of conversions or renovations, for the first time in its current form. |
| 590 ## - LOCAL NOTE (RLIN) | |
| Local note | KA |
| 651 #4 - SUBJECT ADDED ENTRY--GEOGRAPHIC NAME | |
| Geographic name | England and Wales |
| Chronological subdivision | 1543- |
| 690 ## - LOCAL SUBJECT ADDED ENTRY--TOPICAL TERM (OCLC, RLIN) | |
| Topical term or geographic name as entry element | PROPERTY-ACQUISITION AND DISPOSAL OF PROPERTY |
| 856 40 - ELECTRONIC LOCATION AND ACCESS | |
| Uniform Resource Identifier | <a href="https://www.rics.org/site/scripts/download_info.aspx?fileID=5381&categoryID=361">https://www.rics.org/site/scripts/download_info.aspx?fileID=5381&categoryID=361</a> |
| Public note | View the form free of charge (member-only content) at www.rics.org |
| 942 ## - ADDED ENTRY ELEMENTS (KOHA) | |
| Suppress in OPAC | 0 |
| Withdrawn status | Lost status | Source of classification or shelving scheme | Damaged status | Not for loan | Home library | Current library | Shelving location | Date acquired | Total Checkouts | Full call number | Barcode | Date last seen | Copy number | Price effective from | Koha item type |
|---|---|---|---|---|---|---|---|---|---|---|---|---|---|---|---|
| Dewey Decimal Classification | Virtual | Virtual | Online | 17/01/2011 | ONLINE PUBLICATION | 151957-2001 | 06/08/2019 | 1 | 06/08/2019 | Book |